[Event "Winter Deaflympics 2023 Chess Tournamen"]
[Site "Erzurum"]
[Date "2024.03.10"]
[Round "5.2"]
[White "Zhukovskaya, Nina"]
[Black "Lyanguzova, Alina"]
[Result "1/2-1/2"]
[WhiteElo "1674"]
[BlackElo "1775"]
[PlyCount "84"]
[EventDate "2024.??.??"]

1. c4 e5 2. Nc3 Nf6 3. d3 Bb4 4. Bd2 O-O 5. Nf3 Re8 6. e4 c6 7. a3 Bxc3 8. Bxc3
d5 9. Qc2 Nbd7 10. b4 d4 11. Bb2 Nf8 12. Be2 Ng6 13. Bc1 Be6 14. O-O h6 15. a4
a5 16. bxa5 Rxa5 17. Bd2 Ra7 18. Rfb1 Qc7 19. Ra2 Rea8 20. c5 Bxa2 21. Qxa2
Rxa4 22. Qb2 Nd7 23. Qxb7 Qxb7 24. Rxb7 Nxc5 25. Rb6 R4a6 26. Rxa6 Rxa6 27. g3
Ra1+ 28. Be1 Nb3 29. Kg2 Nc1 30. Bf1 Ra3 31. Bb4 Rb3 32. Bd6 f6 33. Nd2 Rb5 34.
Nc4 Nf8 35. h4 Ne6 36. f4 exf4 37. gxf4 Rb3 38. f5 Nd8 39. Bc5 Nxd3 40. Bxd4
Nf4+ 41. Kf2 Nb7 42. Nd2 Nd3+ 1/2-1/2

[Event "Winter Deaflympics 2023 Chess Tournamen"]
[Site "Erzurum"]
[Date "2024.03.10"]
[Round "5"]
[White "Klaric, Zlatko"]
[Black "Varvaglione, Antonio"]
[Result "1/2-1/2"]
[WhiteElo "2340"]
[BlackElo "2065"]
[PlyCount "71"]
[EventDate "2024.??.??"]

1. d4 Nf6 2. g3 g6 3. Bg2 d5 4. Nf3 Bg7 5. c3 c6 6. a4 a5 7. Bf4 Bg4 8. Ne5 Bf5
9. Nd2 Nbd7 10. h3 h6 11. Qb3 Qb6 12. Qa3 Qa6 13. O-O O-O 14. Rfe1 Rfe8 15. b4
g5 16. Be3 Nxe5 17. dxe5 Nd7 18. f4 gxf4 19. gxf4 e6 20. Nf3 Be4 21. Nd4 axb4
22. cxb4 Bxg2 23. Kxg2 Nb6 24. b5 cxb5 25. Nxb5 Nc4 26. Qd3 Qc6 27. Bd4 Kh8 28.
Kh1 Rg8 29. Rg1 Qd7 30. Rg4 Qe7 31. Rag1 Rxa4 32. Qg3 Qf8 33. Bc5 Qxc5 34. Rxg7
Qxg1+ 35. Qxg1 Rxg7 36. Qb1 1/2-1/2

[Event "Winter Deaflympics 2023 Chess Tournamen"]
[Site "Erzurum"]
[Date "2024.03.10"]
[Round "5"]
[White "Cellucci, Alessandro"]
[Black "Vujakovic, Branko"]
[Result "1/2-1/2"]
[WhiteElo "1890"]
[BlackElo "2232"]
[PlyCount "57"]
[EventDate "2024.??.??"]

1. e4 d6 2. d4 Nf6 3. Nc3 g6 4. Bg5 Bg7 5. f3 Nbd7 6. Qd2 c6 7. Bd3 Qb6 8. Nge2
Qxb2 9. O-O Qb6 10. Kh1 e5 11. Be3 Qc7 12. Rad1 O-O 13. a4 Re8 14. Bc4 a6 15.
Bb3 b5 16. axb5 axb5 17. dxe5 dxe5 18. Qd6 Qxd6 19. Rxd6 b4 20. Na4 Ba6 21. Rd2
Bb5 22. Nb2 Bf8 23. Rfd1 Bxe2 24. Rxe2 Bc5 25. Nc4 Bxe3 26. Rxe3 Nc5 27. g3 Re7
28. Rd6 Nfd7 29. Rxc6 1/2-1/2

[Event "Winter Deaflympics 2023 Chess Tournamen"]
[Site "Erzurum"]
[Date "2024.03.10"]
[Round "5"]
[White "Bozinovic, Bogdan"]
[Black "Caroli, Tommaso"]
[Result "1/2-1/2"]
[WhiteElo "2129"]
[BlackElo "1848"]
[PlyCount "70"]
[EventDate "2024.??.??"]

1. d4 Nf6 2. c4 c5 3. d5 b5 4. cxb5 a6 5. e3 g6 6. Nc3 d6 7. a4 Bg7 8. Nf3 O-O
9. Ra3 Bb7 10. h3 Ne8 11. e4 axb5 12. Bxb5 Nc7 13. Be2 Nba6 14. O-O Nb4 15. Nb5
Qd7 16. Nd2 Ba6 17. Nc4 Rfb8 18. Nxc7 Qxc7 19. b3 Ra7 20. Bd2 Rab7 21. Qc1 e6
22. dxe6 fxe6 23. Bf4 Bxc4 24. Bxc4 Qe7 25. Rd1 Bd4 26. Bd2 Qf6 27. Bxb4 Qxf2+
28. Kh1 cxb4 29. Ra2 Qxa2 30. Bxe6+ Kg7 31. Rxd4 Rf8 32. Rd2 Rf1+ 33. Kh2 Rxc1
34. Rxa2 Rbc7 35. a5 R7c2 1/2-1/2

[Event "Winter Deaflympics 2023 Chess Tournamen"]
[Site "Erzurum"]
[Date "2024.03.10"]
[Round "5"]
[White "Biasiolo, Michele"]
[Black "Vujcic, Toni"]
[Result "0-1"]
[WhiteElo "1774"]
[BlackElo "2123"]
[PlyCount "92"]
[EventDate "2024.??.??"]

1. e4 d6 2. d4 Nf6 3. Nc3 g6 4. Nf3 Bg7 5. Bc4 O-O 6. O-O Bg4 7. Be3 Nbd7 8. h3
Bxf3 9. Qxf3 e5 10. d5 a5 11. a4 Nc5 12. Bxc5 dxc5 13. Rad1 Ne8 14. Be2 f5 15.
Qe3 b6 16. b3 Nd6 17. f3 Qh4 18. Nb5 Bh6 19. Qf2 Qxf2+ 20. Kxf2 Nxb5 21. Bxb5
fxe4 22. Rfe1 e3+ 23. Ke2 Rad8 24. Rf1 Kg7 25. g3 Rd6 26. c4 Bg5 27. Rde1 h5
28. Rd1 Bh6 29. h4 Rf7 30. Rde1 Kf8 31. Rd1 Ke7 32. Rde1 Rdf6 33. Rd1 g5 34.
hxg5 Bxg5 35. Ba6 Rf8 36. Bb7 Bh6 37. Bc6 Rg8 38. Rh1 Rxg3 39. Rxh5 Rg2+ 40.
Kd3 e2 41. Rxe5+ Kd6 42. Rxe2 Rxf3+ 43. Ke4 Rf4+ 44. Ke3 Rff2+ 45. Kd3 Rxe2 46.
Rh1 Re3# 0-1

[Event "Winter Deaflympics 2023 Chess Tournamen"]
[Site "Erzurum"]
[Date "2024.03.10"]
[Round "5"]
[White "Kettebekov, Samazhan"]
[Black "Biliy, Vadim"]
[Result "0-1"]
[WhiteElo "1860"]
[BlackElo "2311"]
[PlyCount "168"]
[EventDate "2024.??.??"]

1. d4 g6 2. c4 c5 3. d5 Bg7 4. e4 d6 5. Bd3 Nf6 6. Ne2 O-O 7. O-O b5 8. cxb5 a6
9. Nbc3 axb5 10. Bxb5 Ba6 11. Qc2 Qb6 12. a4 Ne8 13. Bg5 f6 14. Bd2 Nc7 15. a5
Qb7 16. Ba4 Ra7 17. Rfe1 Nb5 18. Nxb5 Bxb5 19. Bxb5 Qxb5 20. Nf4 Na6 21. Ne6
Rb8 22. Bc3 Bh6 23. h4 Nb4 24. Bxb4 Qxb4 25. Re2 Rxa5 26. Rxa5 Qxa5 27. h5 Qa1+
28. Kh2 Qc1 29. Qa4 Qf1 30. Qa7 Re8 31. Qd7 Kf7 32. Qb5 gxh5 33. Qd3 Rg8 34.
Qf3 Rxg2+ 35. Qxg2 Qxe2 36. b3 Bg5 37. f4 Qxg2+ 38. Kxg2 Bh4 39. Nd8+ Kg6 40.
f5+ Kg7 41. Ne6+ Kg8 42. Nf4 Kg7 43. Nxh5+ Kf7 44. Nf4 Bg5 45. Ne6 Bh6 46. Nd8+
Ke8 47. Nc6 Kd7 48. Kf3 Bf8 49. Kg4 Kc8 50. Kh5 Kc7 51. Kg4 Kb6 52. Kh5 Kb5 53.
Kg4 c4 54. Nd4+ Kb4 55. bxc4 Kxc4 56. Ne2 Kd3 57. Kf3 Bh6 58. Ng3 Bd2 59. Nh5
Bc1 60. Ng3 Bb2 61. Nh5 Be5 62. Ng7 Kd2 63. Nh5 Ke1 64. Ng7 Kf1 65. Nh5 Kg1 66.
Ng7 Kh2 67. Nh5 Kh3 68. Ng7 Kh4 69. Ne6 Kh3 70. Nf8 h5 71. Ng6 h4 72. Nxe7 Kh2
73. Ng6 Bg3 74. e5 dxe5 75. d6 h3 76. Ke4 Be1 77. Nxe5 Kg3 78. Nf3 Ba5 79. d7
Bb6 80. Nd2 Kg2 81. Nf3 Bd8 82. Nh4+ Kg3 83. Nf3 h2 84. Nxh2 Kxh2 0-1

[Event "Winter Deaflympics 2023 Chess Tournamen"]
[Site "Erzurum"]
[Date "2024.03.10"]
[Round "5"]
[White "Nauryzgaliev, Amangeldy"]
[Black "Filippskikh, Oleksii"]
[Result "1-0"]
[WhiteElo "1927"]
[BlackElo "1965"]
[PlyCount "107"]
[EventDate "2024.??.??"]

1. d4 d5 2. c4 e6 3. Nc3 Nf6 4. Nf3 Be7 5. e3 b6 6. cxd5 exd5 7. Be2 Bb7 8. O-O
Nbd7 9. a3 O-O 10. b3 a6 11. Bb2 Bd6 12. Bd3 Re8 13. Qe2 Ne4 14. Rfc1 Re6 15.
Qc2 f5 16. g3 Qe7 17. Ne2 Rc8 18. Qd1 Ndf6 19. Nf4 Bxf4 20. exf4 Ng4 21. Rc2
Rh6 22. Bf1 Re8 23. Rac1 c5 24. h3 Ngxf2 25. Rxf2 Nxf2 26. Kxf2 Re6 27. Bd3 g6
28. Ne5 h5 29. h4 Rc8 30. a4 Kh7 31. Qf1 Ra8 32. Nf3 Kg8 33. Ba3 Rc6 34. Ne5
Re6 35. dxc5 bxc5 36. Bxc5 Qe8 37. Bd4 Rc8 38. Qd1 Qd8 39. Rxc8 Qxc8 40. Qc2
Qe8 41. Qc5 Re7 42. Qb6 Kh7 43. Qf6 Re6 44. Qg5 Bc8 45. g4 hxg4 46. h5 Qg8 47.
hxg6+ Rxg6 48. Nxg6 Qxg6 49. Qh4+ Qh6 50. Qe7+ Kg6 51. Qe8+ Kh7 52. Qh8+ Kg6
53. Qe8+ Kh7 54. Qf7+ 1-0

[Event "Winter Deaflympics 2023 Chess Tournamen"]
[Site "Erzurum"]
[Date "2024.03.10"]
[Round "5"]
[White "Zabolotny, Volodymyr"]
[Black "Kozhakhmetov, Sultan"]
[Result "0-1"]
[WhiteElo "1938"]
[BlackElo "1843"]
[PlyCount "148"]
[EventDate "2024.??.??"]

1. Nf3 d5 2. e3 e6 3. c4 Nf6 4. b3 Bd6 5. Bb2 b6 6. Nc3 Bb7 7. cxd5 exd5 8. Be2
a6 9. O-O O-O 10. Rc1 Nbd7 11. d4 Qe7 12. Bd3 Ne4 13. Bb1 f5 14. g3 Rf6 15.
Bxe4 fxe4 16. Ne5 Raf8 17. Qd2 Qe6 18. Ne2 g5 19. Kg2 Rh6 20. Ng1 Nxe5 21. dxe5
Bxe5 22. b4 Rf7 23. a4 Bxb2 24. Qxb2 Qf5 25. Qd4 g4 26. a5 Rh3 27. Qd1 Rh6 28.
Qd4 Qh5 29. h4 gxh3+ 30. Kh2 Rg6 31. axb6 cxb6 32. Qd1 Qxd1 33. Rcxd1 Rh6 34.
Rc1 Rc6 35. Nxh3 Rfc7 36. Rxc6 Rxc6 37. Nf4 Rc2 38. Kg2 Rc4 39. Rb1 d4 40. exd4
Rxd4 41. Kf1 Bc8 42. Ke2 Bf5 43. Ke3 Rc4 44. Rb3 b5 45. Nd5 Kf7 46. Kf4 Bg6 47.
Ke5 Rc2 48. f4 exf3 49. Rxf3+ Kg7 50. Ra3 Rc6 51. Rc3 Rxc3 52. Nxc3 Bd3 53. Kd4
Bf1 54. Kc5 Kg6 55. Kb6 Kf5 56. Kxa6 Kg4 57. Nxb5 Kxg3 58. Ka5 h5 59. Nd4 Kg4
60. b5 h4 61. b6 Bg2 62. Kb5 h3 63. Nc6 Bxc6+ 64. Kxc6 h2 65. b7 h1=Q+ 66. Kc7
Qc1+ 67. Kd7 Qd2+ 68. Kc8 Qc3+ 69. Kd7 Qb4 70. Kc7 Qc5+ 71. Kd7 Qb6 72. Kc8
Qc6+ 73. Kb8 Kf5 74. Ka7 Qc7 0-1

[Event "Winter Deaflympics 2023 Chess Tournamen"]
[Site "Erzurum"]
[Date "2024.03.11"]
[Round "6.1"]
[White "Malika, Handa"]
[Black "Baklanova, Tatiana"]
[Result "0-1"]
[WhiteElo "1607"]
[BlackElo "2053"]
[PlyCount "58"]
[EventDate "2024.??.??"]

1. e4 c5 2. Nf3 Nc6 3. d4 cxd4 4. Nxd4 Qb6 5. Nxc6 bxc6 6. Bd3 Nf6 7. O-O e5 8.
Nd2 Be7 9. Nc4 Qc7 10. Re1 O-O 11. Bg5 d6 12. Re3 Ng4 13. Rg3 Bxg5 14. h3 Nxf2
15. Kxf2 Bh4 16. Qh5 Bxg3+ 17. Kxg3 g6 18. Qh6 d5 19. Nd2 f5 20. Rf1 Bd7 21.
Nf3 fxe4 22. Ng5 Bf5 23. Be2 Qg7 24. Qxg7+ Kxg7 25. h4 h6 26. Nh3 Bxh3 27. Kxh3
Rxf1 28. Bxf1 Rf8 29. Ba6 Rf2 0-1

[Event "Winter Deaflympics 2023 Chess Tournamen"]
[Site "Erzurum"]
[Date "2024.03.11"]
[Round "6.1"]
[White "Myronenko, Natalya"]
[Black "Ambika Masagi"]
[Result "1-0"]
[WhiteElo "1900"]
[BlackElo "1467"]
[PlyCount "117"]
[EventDate "2024.??.??"]

1. e4 e5 2. Bc4 Bc5 3. Nf3 Nc6 4. c3 Nf6 5. d3 h6 6. Bb3 d6 7. Nbd2 Bg4 8. h3
Bxf3 9. Nxf3 Bb6 10. O-O O-O 11. Re1 Re8 12. Nh4 Kh7 13. Bxf7 Rf8 14. Bg6+ Kh8
15. Bf5 Ne7 16. Be3 Qe8 17. Bxb6 axb6 18. a3 Nxf5 19. Nxf5 Qf7 20. Re3 Nh5 21.
Rf3 Nf4 22. Qd2 Qd7 23. Rg3 Rg8 24. Rd1 Qe6 25. Kh2 Rad8 26. d4 Qf6 27. Qe3 Kh7
28. Rf3 g6 29. Ng3 Qh4 30. Ne2 Rdf8 31. dxe5 dxe5 32. Nxf4 Rxf4 33. Rxf4 Qxf4+
34. Qxf4 exf4 35. f3 Rg7 36. Kg1 g5 37. Kf2 Re7 38. Rd8 Kg6 39. Rb8 c6 40. Rg8+
Kf7 41. Rd8 Kg6 42. Rd6+ Kg7 43. Ke2 h5 44. Kd3 h4 45. Kd4 Kf7 46. c4 Kg7 47.
e5 Kf7 48. Ke4 Kg7 49. Kf5 Kf7 50. e6+ Ke8 51. Kf6 Rc7 52. Rd7 Rxd7 53. exd7+
Kxd7 54. Kxg5 Ke6 55. Kxf4 Kf6 56. Kg4 Kg6 57. Kxh4 Kh6 58. g4 Kg6 59. f4 1-0

[Event "Winter Deaflympics 2023 Chess Tournamen"]
[Site "Erzurum"]
[Date "2024.03.11"]
[Round "6.2"]
[White "Lukasik, Zuzanna"]
[Black "Osypova, Alona"]
[Result "1-0"]
[WhiteElo "1797"]
[BlackElo "1793"]
[PlyCount "103"]
[EventDate "2024.??.??"]

1. e4 d5 2. exd5 Qxd5 3. Nc3 Qa5 4. d4 Nf6 5. Bc4 Nc6 6. d5 Nb4 7. a3 c6 8.
dxc6 Nxc6 9. Nge2 Bg4 10. O-O e6 11. Be3 Rd8 12. Qe1 Bd6 13. Nb5 Qxe1 14. Nxd6+
Rxd6 15. Rfxe1 Rd8 16. f3 Bf5 17. Bb3 O-O 18. Red1 a6 19. Nd4 Nxd4 20. Bxd4 Nd5
21. Kf2 Rc8 22. Rd2 Rc6 23. g3 Rfc8 24. c3 h6 25. Rad1 b5 26. Be5 f6 27. Bxd5
exd5 28. Bd4 a5 29. Re1 Kf7 30. g4 Be6 31. Rde2 a4 32. Kg3 R8c7 33. f4 g6 34.
Rf2 f5 35. h3 Re7 36. Be5 Rc4 37. Bd4 Rc6 38. Rfe2 Rec7 39. gxf5 Bxf5 40. Re8
Bd3 41. Rh8 g5 42. fxg5 hxg5 43. Re5 Be4 44. Rxg5 Re7 45. Rhg8 Rg6 46. R5xg6
Bxg6 47. Rg7+ Kf8 48. Rxg6 Re2 49. Rg5 Rxb2 50. Rxd5 Rb3 51. Bc5+ Kf7 52. Bb4
1-0

[Event "Winter Deaflympics 2023 Chess Tournamen"]
[Site "Erzurum"]
[Date "2024.03.11"]
[Round "6.2"]
[White "Lyanguzova, Alina"]
[Black "Szewczyk, Malwina"]
[Result "1/2-1/2"]
[WhiteElo "1775"]
[BlackElo "1682"]
[PlyCount "141"]
[EventDate "2024.??.??"]

1. e4 c5 2. Nf3 g6 3. d4 cxd4 4. Nxd4 Bg7 5. c4 Nc6 6. Be3 Nf6 7. Nc3 Ng4 8.
Qxg4 Nxd4 9. Qd1 Nc6 10. Rc1 O-O 11. Be2 d6 12. O-O f5 13. exf5 Bxf5 14. Qd2
Qe8 15. Nd5 Rc8 16. f4 e6 17. Nc3 d5 18. cxd5 exd5 19. Qxd5+ Kh8 20. Qf3 Nd4
21. Qf2 Rd8 22. Kh1 Nxe2 23. Nxe2 Bxb2 24. Rce1 Qa4 25. Bxa7 Rfe8 26. Be3 Bd3
27. Rg1 Qc2 28. Ng3 Qxf2 29. Bxf2 Rxe1 30. Rxe1 Bc4 31. a4 Bb3 32. a5 Bc3 33.
Rb1 Bd5 34. Bb6 Re8 35. h3 Be1 36. Kh2 h5 37. Rb2 h4 38. Nf1 Bc4 39. Ne3 Bg3+
40. Kh1 Ba6 41. Rb1 Bxf4 42. Ng4 Re6 43. Rd1 Kg8 44. Rd8+ Kf7 45. Rd7+ Re7 46.
Rxe7+ Kxe7 47. Ne3 Kd6 48. Nc2 Kd5 49. Nb4+ Kc4 50. Nxa6 bxa6 51. Kg1 Kb5 52.
Kf2 Bd2 53. Bd8 Bxa5 54. Bxh4 Bd2 55. Bf6 a5 56. Kf3 Kc4 57. Ke2 Bc3 58. Be7 a4
59. Kd1 Kb3 60. Kc1 a3 61. Bxa3 Kxa3 62. Kc2 Bf6 63. Kd3 Kb4 64. Ke4 Kc5 65.
Kf4 Kd4 66. g4 g5+ 67. Kg3 Ke3 68. h4 gxh4+ 69. Kh3 Kf2 70. Kh2 Kf1 71. Kh1
1/2-1/2

[Event "Winter Deaflympics 2023 Chess Tournamen"]
[Site "Erzurum"]
[Date "2024.03.11"]
[Round "6.3"]
[White "Parhomenko, Anastasija"]
[Black "Nuserova, Almash"]
[Result "1-0"]
[WhiteElo "1686"]
[BlackElo "1550"]
[PlyCount "109"]
[EventDate "2024.??.??"]

1. f4 Nf6 2. Nf3 d6 3. Nc3 g6 4. e4 Bg7 5. d4 O-O 6. Bd3 c6 7. a4 a5 8. O-O
Nbd7 9. e5 dxe5 10. fxe5 Nd5 11. Nxd5 cxd5 12. Qe1 e6 13. c3 b6 14. Qg3 Ba6 15.
Bxa6 Rxa6 16. Qh3 Re8 17. Ng5 Nf8 18. Nxf7 Qd7 19. Nd6 Rb8 20. Rf7 Qd8 21.
Rxg7+ Kxg7 22. Bh6+ Kg8 23. Rf1 Qe7 24. Rf7 Qxf7 25. Nxf7 Kxf7 26. Qf3+ Kg8 27.
Qf6 Ra7 28. Bxf8 Rxf8 29. Qxe6+ Raf7 30. Qxd5 Kg7 31. h3 Rf1+ 32. Kh2 R1f2 33.
e6 Re2 34. Qd7+ Kh6 35. e7 Rff2 36. Qg4 Kg7 37. Kg1 Rxg2+ 38. Qxg2 Rxg2+ 39.
Kxg2 Kf7 40. Kf3 Kxe7 41. Kf4 h6 42. h4 Ke6 43. c4 Kf6 44. d5 Ke7 45. Ke5 Kf7
46. Kd6 Kf6 47. Kc7 g5 48. hxg5+ hxg5 49. d6 g4 50. d7 g3 51. d8=Q+ Kf5 52. Qd1
Kf4 53. Kxb6 Ke3 54. Qg1+ Kf3 55. c5 1-0

[Event "Winter Deaflympics 2023 Chess Tournamen"]
[Site "Erzurum"]
[Date "2024.03.11"]
[Round "6.3"]
[White "Zhukovskaya, Nina"]
[Black "Parhomenko, Margarita"]
[Result "1/2-1/2"]
[WhiteElo "1674"]
[BlackElo "1970"]
[PlyCount "102"]
[EventDate "2024.??.??"]

1. c4 e5 2. Nc3 Nf6 3. Nf3 Nc6 4. g3 Bc5 5. Bg2 d6 6. O-O a5 7. d3 h6 8. Bd2
O-O 9. a3 Bf5 10. Qc1 Re8 11. e4 Bg4 12. h3 Bxf3 13. Bxf3 Nd4 14. Qd1 Nh7 15.
Bg2 c6 16. Kh2 f5 17. exf5 Nxf5 18. Qg4 Rf8 19. Rae1 Kh8 20. f4 exf4 21. Rxf4
Qg5 22. Ref1 Qxg4 23. hxg4 Ne3 24. Rxf8+ Rxf8 25. Rxf8+ Nxf8 26. Bxe3 Bxe3 27.
Ne4 Bc5 28. g5 h5 29. Bh3 Ng6 30. Bf5 Ne5 31. Nd2 a4 32. Kg2 g6 33. Be4 d5 34.
cxd5 cxd5 35. Bxd5 Nxd3 36. b4 axb3 37. Nxb3 Bxa3 38. Bxb7 Be7 39. Be4 Ne5 40.
Nd4 Bxg5 41. Ne6 Be7 42. Nf4 Kg7 43. Nd5 Bd6 44. Ne3 Kf6 45. Nd5+ Kg5 46. Ne3
Nd7 47. Bc2 Nf6 48. Bd1 Ne4 49. Nf1 h4 50. gxh4+ Kxh4 51. Bc2 Nf6 1/2-1/2

[Event "Winter Deaflympics 2023 Chess Tournamen"]
[Site "Erzurum"]
[Date "2024.03.11"]
[Round "6"]
[White "Klaric, Zlatko"]
[Black "Mate, Balazs"]
[Result "1-0"]
[WhiteElo "2340"]
[BlackElo "2065"]
[PlyCount "115"]
[EventDate "2024.??.??"]

1. d4 Nf6 2. Nf3 d5 3. Bf4 c5 4. e3 Nc6 5. c3 Qb6 6. Qb3 c4 7. Qc2 Bf5 8. Qc1
h6 9. Be2 e6 10. Bd1 g5 11. Bg3 Ne4 12. Nbd2 Nxg3 13. hxg3 Be7 14. Bc2 Bxc2 15.
Qxc2 Qc7 16. e4 Qd7 17. exd5 exd5 18. Nf1 Bf6 19. Ne3 Ne7 20. g4 Bg7 21. Ng1
O-O 22. Ne2 f5 23. gxf5 Nxf5 24. Nxf5 Qxf5 25. Qxf5 Rxf5 26. O-O Rf6 27. Ng3
Re8 28. Rfe1 Rfe6 29. Rxe6 Rxe6 30. Kf1 Rb6 31. Rb1 Kf7 32. Nf5 Bf8 33. Ne3 Ke6
34. Re1 Kd6 35. Re2 Rc6 36. g4 Rb6 37. Kg2 Ra6 38. a3 Rb6 39. Kg3 Kc6 40. Nf5
Kd7 41. Kg2 Re6 42. Ne3 Kc6 43. Re1 a5 44. Rh1 Rf6 45. a4 Bd6 46. Nf5 Bf8 47.
Re1 Kd7 48. Re5 Kc6 49. Ne3 Rd6 50. Re8 Rf6 51. Rc8+ Kd7 52. Ra8 Be7 53. Rxa5
Rb6 54. Rxd5+ Kc6 55. Re5 Bd6 56. Re6 Kd7 57. Rxh6 Rxb2 58. Rxd6+ 1-0

[Event "Winter Deaflympics 2023 Chess Tournamen"]
[Site "Erzurum"]
[Date "2024.03.11"]
[Round "6"]
[White "Bokros, Istvan"]
[Black "Vujakovic, Branko"]
[Result "0-1"]
[WhiteElo "1983"]
[BlackElo "2232"]
[PlyCount "88"]
[EventDate "2024.??.??"]

1. e4 d6 2. d4 Nf6 3. Nc3 g6 4. Bg5 Bg7 5. e5 Nfd7 6. f4 Nb6 7. Nf3 O-O 8. Be2
f6 9. exf6 exf6 10. Bh4 d5 11. b3 Nc6 12. O-O Ne7 13. Qd2 Bg4 14. Rae1 Nf5 15.
Bf2 Bxf3 16. Bxf3 c6 17. a4 Nc8 18. g4 Nfd6 19. f5 gxf5 20. gxf5 Nxf5 21. Qf4
Nfd6 22. Bh4 Qd7 23. Bg4 f5 24. Bh3 Bf6 25. Kh1 Bxh4 26. Qxh4 Kh8 27. Rg1 Ne8
28. Re5 Ng7 29. Ne2 Qd8 30. Qh6 Qf6 31. Qxf6 Rxf6 32. Nf4 Nd6 33. Re7 Rf7 34.
Rge1 Kg8 35. Kg2 Ne4 36. Rxf7 Kxf7 37. Kf1 Kf6 38. Nd3 Ne6 39. c4 dxc4 40. bxc4
Nd2+ 41. Kf2 Nxc4 42. Ne5 Nxe5 43. dxe5+ Ke7 44. Ke3 f4+ 0-1

[Event "Winter Deaflympics 2023 Chess Tournamen"]
[Site "Erzurum"]
[Date "2024.03.11"]
[Round "6"]
[White "Bozinovic, Bogdan"]
[Black "Wirth, Adam"]
[Result "1-0"]
[WhiteElo "2129"]
[BlackElo "1962"]
[PlyCount "115"]
[EventDate "2024.??.??"]

1. d4 d5 2. c4 e6 3. Nc3 Nf6 4. Bg5 Be7 5. e3 Nbd7 6. Nf3 h6 7. Bf4 c6 8. Qc2
O-O 9. cxd5 exd5 10. O-O-O b5 11. Bd3 a5 12. h3 a4 13. Ne2 Ba6 14. Kb1 c5 15.
dxc5 Nxc5 16. Ned4 Nxd3 17. Qxd3 Ne4 18. Nc6 Qe8 19. Qxd5 Nxf2 20. Nxe7+ Qxe7
21. Bd6 Qf6 22. Bxf8 Rxf8 23. Ne5 Nxh1 24. Rxh1 Rc8 25. Rd1 b4 26. e4 a3 27.
Qd4 b3 28. axb3 axb2 29. Kxb2 Bb7 30. Nc4 Qg6 31. Nd6 Rd8 32. Rd2 Bxe4 33. Qxe4
Rxd6 34. Qxg6 Rxg6 35. b4 Kf8 36. Kb3 Ke7 37. b5 Rd6 38. Rf2 f6 39. Kc4 Kd7 40.
Ra2 g5 41. g4 Re6 42. Ra7+ Kc8 43. Rh7 f5 44. gxf5 Rf6 45. Kb4 Rxf5 46. Rxh6 g4
47. Rc6+ Kb7 48. hxg4 Rf4+ 49. Rc4 Rf1 50. Kc5 Rg1 51. Kd5 Kb6 52. Rc6+ Kxb5
53. Rg6 Rd1+ 54. Ke5 Kc5 55. Rg8 Re1+ 56. Kf6 Kd6 57. Rd8+ Kc7 58. Rd3 1-0

[Event "Winter Deaflympics 2023 Chess Tournamen"]
[Site "Erzurum"]
[Date "2024.03.11"]
[Round "6"]
[White "Raibl, Zoltan"]
[Black "Vujcic, Toni"]
[Result "1/2-1/2"]
[WhiteElo "1956"]
[BlackElo "2123"]
[PlyCount "94"]
[EventDate "2024.??.??"]

1. d4 d5 2. Nf3 Nf6 3. c4 e6 4. Nc3 c6 5. e3 Be7 6. Bd3 Nbd7 7. O-O O-O 8. e4
dxe4 9. Nxe4 Nxe4 10. Bxe4 Nf6 11. Bc2 c5 12. Qd3 cxd4 13. Bg5 g6 14. Rfd1 Qb6
15. Qxd4 Qxd4 16. Rxd4 Kg7 17. Rad1 h6 18. Bh4 g5 19. Bg3 Ne8 20. Ba4 e5 21.
Bxe5+ f6 22. Bg3 Kf7 23. h4 Ng7 24. Bd6 Nf5 25. Bxe7 Nxe7 26. hxg5 hxg5 27. Rd8
Bg4 28. Rxa8 Rxa8 29. Rd3 Ng6 30. Nh2 Be6 31. b3 Nf4 32. Rd2 a6 33. Bd7 Ke7 34.
Bxe6 Nxe6 35. Nf3 Rc8 36. g3 b5 37. cxb5 axb5 38. Nd4 Rc1+ 39. Kg2 Nxd4 40.
Rxd4 Rc2 41. Rb4 Rxa2 42. Rxb5 g4 43. Rb6 Rb2 44. Kf1 Kf7 45. b4 Kg6 46. Rb5
Kg7 47. Rb7+ Kg6 1/2-1/2

[Event "Winter Deaflympics 2023 Chess Tournamen"]
[Site "Erzurum"]
[Date "2024.03.11"]
[Round "6"]
[White "Piekielny, Pawel"]
[Black "Biliy, Vadim"]
[Result "1-0"]
[WhiteElo "2255"]
[BlackElo "2311"]
[PlyCount "35"]
[EventDate "2024.??.??"]

1. e4 g6 2. d4 Bg7 3. Nc3 c5 4. dxc5 Qa5 5. Nge2 Nf6 6. Be3 Nxe4 7. Bd4 e5 8.
Be3 O-O 9. Qd5 Nf6 10. Qc4 Na6 11. O-O-O b5 12. Qxb5 Qc7 13. Ng3 Rb8 14. Qc4 d5
15. cxd6 Qb7 16. Qb5 Qa8 17. Qa5 Nb4 18. Qxa7 1-0

[Event "Winter Deaflympics 2023 Chess Tournamen"]
[Site "Erzurum"]
[Date "2024.03.11"]
[Round "6"]
[White "Ovcharov, Taras"]
[Black "Lapaj, Mateusz"]
[Result "0-1"]
[WhiteElo "1968"]
[BlackElo "2217"]
[PlyCount "72"]
[EventDate "2024.??.??"]

1. e4 e6 2. d4 d5 3. exd5 exd5 4. Nf3 Bd6 5. c4 Nf6 6. c5 Be7 7. Bd3 O-O 8. O-O
Bg4 9. h3 Bxf3 10. Qxf3 b6 11. Be3 bxc5 12. dxc5 Nbd7 13. Rc1 Ne5 14. Qf5 Nxd3
15. Qxd3 Rb8 16. Nd2 Rxb2 17. Qa3 Rb8 18. Nf3 Ne4 19. Qxa7 Bf6 20. Nd4 Ra8 21.
Qb7 Ra4 22. Rd1 Nc3 23. Qb3 Rxd4 24. Bxd4 Bxd4 25. Qb4 Qf6 26. Rxd4 Qxd4 27.
Qxd4 Ne2+ 28. Kf1 Nxd4 29. Rd1 Ne6 30. Rxd5 Ra8 31. Rd2 Nxc5 32. Rc2 Ne6 33.
Ke1 Kf8 34. Kd2 Ke7 35. Kc3 c5 36. Kb3 Nd4+ 0-1

[Event "Winter Deaflympics 2023 Chess Tournamen"]
[Site "Erzurum"]
[Date "2024.03.11"]
[Round "6"]
[White "Miozga, Tomasz"]
[Black "Filippskikh, Oleksii"]
[Result "1/2-1/2"]
[WhiteElo "2126"]
[BlackElo "1965"]
[PlyCount "81"]
[EventDate "2024.??.??"]

1. d4 d5 2. c4 e6 3. Nc3 Nf6 4. cxd5 exd5 5. Bg5 Be7 6. e3 Nbd7 7. Qc2 c6 8.
Bd3 h6 9. Bh4 Nh5 10. Bxe7 Qxe7 11. Nge2 O-O 12. O-O Re8 13. a3 a5 14. Na4 Qd6
15. Rfc1 Nhf6 16. Ng3 Qf8 17. Rab1 Ra7 18. Nc5 Nxc5 19. Qxc5 Qxc5 20. Rxc5 g6
21. b4 axb4 22. axb4 Ra3 23. Bf1 Bd7 24. b5 Rea8 25. bxc6 bxc6 26. Rc2 h5 27.
h4 R8a7 28. Rcb2 Ra2 29. Be2 Kg7 30. Bf3 R7a3 31. Rxa2 Rxa2 32. Rd1 Bg4 33. Rc1
Bxf3 34. gxf3 Ra6 35. Ne2 Ne8 36. Rc2 Nd6 37. Ng3 Nc4 38. f4 f5 39. Nf1 Rb6 40.
Nd2 Nd6 41. Nf3 1/2-1/2

[Event "Winter Deaflympics 2023 Chess Tournamen"]
[Site "Erzurum"]
[Date "2024.03.11"]
[Round "6"]
[White "Kovalenko, Vladimir N."]
[Black "Szalko, Maciej"]
[Result "1/2-1/2"]
[WhiteElo "1938"]
[BlackElo "1948"]
[PlyCount "62"]
[EventDate "2024.??.??"]

1. e4 c5 2. c3 d5 3. exd5 Nf6 4. d4 Qxd5 5. Nf3 Nc6 6. Be2 e6 7. O-O Be7 8. Be3
cxd4 9. cxd4 O-O 10. Nc3 Qd6 11. a3 a6 12. b4 b5 13. Rc1 Bb7 14. h3 Rfd8 15.
Qd2 Bf8 16. Rfd1 Ne7 17. Ne5 Nf5 18. Bf3 Bxf3 19. Nxf3 Qd7 20. Qd3 Qb7 21. Nd2
Nd5 22. Nce4 a5 23. Nc5 Qb8 24. Rb1 axb4 25. axb4 Nxb4 26. Rxb4 Bxc5 27. Rxb5
Qa7 28. Nf3 Be7 29. Rdb1 Rab8 30. Ne5 Rxb5 31. Qxb5 Qa3 1/2-1/2

[Event "Winter Deaflympics 2023 Chess Tournamen"]
[Site "Erzurum"]
[Date "2024.03.12"]
[Round "7.1"]
[White "Vuljanic, Ana"]
[Black "Baklanova, Tatiana"]
[Result "1/2-1/2"]
[WhiteElo "1741"]
[BlackElo "2053"]
[PlyCount "62"]
[EventDate "2024.??.??"]

1. d4 d6 2. c4 e5 3. d5 f5 4. e4 Nf6 5. Nc3 Be7 6. Nge2 f4 7. Bd2 a5 8. Nc1 O-O
9. Be2 Na6 10. Nd3 Bd7 11. O-O g5 12. a3 Nc5 13. Nxc5 dxc5 14. Kh1 Qc8 15. Rg1
g4 16. g3 f3 17. Bd3 Ne8 18. h4 Ra6 19. Qc1 Rg6 20. Kh2 Nf6 21. Bg5 Qd8 22. Rh1
Nh5 23. Bxe7 Qxe7 24. Qe3 b6 25. Nb5 Be8 26. Rad1 Qg7 27. Bc2 Bxb5 28. cxb5 Qd7
29. Qc3 Qxb5 30. Qxe5 Qe2 31. Rhf1 Qxc2 1/2-1/2

[Event "Winter Deaflympics 2023 Chess Tournamen"]
[Site "Erzurum"]
[Date "2024.03.12"]
[Round "7.1"]
[White "Myronenko, Natalya"]
[Black "Spilek, Kristina"]
[Result "1-0"]
[WhiteElo "1900"]
[BlackElo "1603"]
[PlyCount "85"]
[EventDate "2024.??.??"]

1. e4 e6 2. d4 d5 3. Nd2 dxe4 4. Nxe4 Nd7 5. Nf3 Ngf6 6. Nxf6+ Nxf6 7. Bd3 Bd6
8. O-O h6 9. c3 b6 10. Ne5 Bxe5 11. dxe5 Nd5 12. Qg4 g5 13. Bb5+ Bd7 14. Bxd7+
Qxd7 15. f4 gxf4 16. Bxf4 O-O-O 17. Qf3 Kb8 18. Rad1 Qe7 19. Kh1 Nxf4 20. Qxf4
Rxd1 21. Rxd1 Rd8 22. Rf1 Qg5 23. Qxf7 Qxe5 24. h3 Qe2 25. Rf2 Rd1+ 26. Kh2
Qe5+ 27. Qf4 Qxf4+ 28. Rxf4 e5 29. Re4 Rd5 30. Re2 b5 31. Kg3 Kc8 32. Kg4 e4
33. Kf4 e3 34. Kxe3 Re5+ 35. Kf3 Rxe2 36. Kxe2 Kd7 37. Ke3 Ke6 38. Ke4 c5 39.
g4 a5 40. b3 b4 41. cxb4 cxb4 42. h4 Kf6 43. Kd5 1-0